000
00292nam a2200121Ia 4500
008
231129s1970||||xx |||||||||||||| ||spa||
082
_a
OEM- 1727
100
_a
Airó Clemente
245
0
_a
El campo y el fuego
260
_c
1970
264
_a
Bogotá: Tercer Mundo 1970
942
_2
ddc
_c
BKS
999
_c
10466
_d
10466